Духовно-нравственное воспитание. 2021, № 5: Специальный номер, посвященный опыту преподавания Основ православной культуры и духовно-нравственного воспитания в Урюпинской и Новоаннинской епархии Русской православной церкви (Запись № 12674513)

Подробности
000 -МАРКЕР
контрольное поле 02546nam2a2200301 4500
001 - ИДЕНТИФИКАТОР ЗАПИСИ
контрольное поле RU\NLR\BIBL_A\012633639
005 - ИДЕНТИФИКАТОР ВЕРСИИ
контрольное поле 20250624094848.0
035 ## - ДРУГИЕ СИСТЕМНЫЕ НОМЕРА
Идентификатор записи (NLR Aleph) 012633639
100 ## - ДАННЫЕ ОБЩЕЙ ОБРАБОТКИ
Данные общей обработки 20211028d2021 |||y0rusy50 ca
101 0# - ЯЗЫК РЕСУРСА
Язык текста, звукозаписи и т.д. русский
102 ## - СТРАНА ПУБЛИКАЦИИ ИЛИ ПРОИЗВОДСТВА
Страна публикации российская федерация
200 1# - ЗАГЛАВИЕ И СВЕДЕНИЯ ОБ ОТВЕТСТВЕННОСТИ
Основное заглавие Специальный номер, посвященный опыту преподавания Основ православной культуры и духовно-нравственного воспитания в Урюпинской и Новоаннинской епархии Русской православной церкви
210 ## - ПУБЛИКАЦИЯ, РАСПРОСТРАНЕНИЕ И ДР.
Дата издания, распространения и т.д. 2021
Место издания, распространения и т.д. Б. м.
461 #0 - УРОВЕНЬ НАБОРА
Встроенное поле 001RU\NLR\INFOCOMM\1000054052
-- 2001#$aДуховно-нравственное воспитание$eНауч.-просветит. журн.$eПрил. к журн. "Воспитание школьников"$fМ-во образования Рос. Федерации, Изд-во "Шк. пресса"$v2021, № 5
Системный номер (АБИС) связанной записи 2304566
Место публикации М.
Дата публикации 2001 -
Первые сведения об ответственности М-во образования Рос. Федерации, Изд-во "Шк. пресса"
Имя издателя, распространителя и т.д. Шк. пресса
Сведения, относящиеся к заглавию Науч.-просветит. журн. : Прил. к журн. "Воспитание школьников"
Заглавие Духовно-нравственное воспитание
ISSN 2074-5001
Номер тома 2021, № 5
461 #0 - УРОВЕНЬ НАБОРА
Встроенное поле 001RU\NLR\BIBL_A\012644279
-- 2001#$aДетство во Христе$eжурнал для чтения детям по Основам православной культуры$eприложение к журналу "Духовно-нравственное воспитание"$fООО "Шк. пресса"$v2021, № 2
Системный номер (АБИС) связанной записи 12705989
Место публикации Москва
Дата публикации 2012 -
Первые сведения об ответственности ООО "Шк. пресса"
Имя издателя, распространителя и т.д. [б. и.]
Сведения, относящиеся к заглавию журнал для чтения детям по Основам православной культуры : приложение к журналу "Духовно-нравственное воспитание"
Заглавие Детство во Христе
Номер тома 2021, № 2
606 1# - НАИМЕНОВАНИЕ ТЕМЫ КАК ПРЕДМЕТ
Наименование темы Православие и образование
Системный номер авторитетной/нормативной записи 2280388
Идентификатор авторитетной/нормативной записи RU\NLR\AUTH\661366281
606 1# - НАИМЕНОВАНИЕ ТЕМЫ КАК ПРЕДМЕТ
Наименование темы "Основы православной культуры", курс
Формальный подзаголовок Сборники
Тематический подзаголовок Преподавание
-- Средняя школа
Системный номер авторитетной/нормативной записи 2478245
Идентификатор авторитетной/нормативной записи RU\NLR\AUTH\661471361
686 2# - ИНДЕКСЫ ДРУГИХ КЛАССИФИКАЦИЙ
Индекс Э372.24-681.78
686 2# - ИНДЕКСЫ ДРУГИХ КЛАССИФИКАЦИЙ
Индекс Э372.24-117.33
686 1# - ИНДЕКСЫ ДРУГИХ КЛАССИФИКАЦИЙ
Индекс Ч426.991я43
852 ## - МЕСТОНАХОЖДЕНИЕ И ШИФР ХРАНЕНИЯ
Идентификатор организации NLR
Шифр хранения (Call Number) П37/201
942 ## - ДОПОЛНИТЕЛЬНЫЕ ЭЛЕМЕНТЫ ЗАПИСИ (АБИС)
Тип экземпляра АБИС Выпуск
980 ## - КОЛЛЕКЦИЯ
Название коллекции Национальная библиография
980 ## - КОЛЛЕКЦИЯ
Название коллекции Русская периодика

Нет доступных экземпляров.